Biblioteca

El libro de los amores ridículos / Milan Kundera ; Fernando de Valenzuela, Traductor (Registro nro. 42137)

Detalles MARC
000 -LÍDER
Campo fijo de descripción fija 004460000a22001690004500
020 ## - NÚMERO INTERNACIONAL NORMALIZADO PARA LIBROS
Número Internacional Normalizado del libro 84-7223-244-1
041 0# - CÓDIGO DE IDIOMA
Código de idioma para texto/pista de sonido o título separado
082 04 - NÚMERO DE CLASIFICACIÓN DECIMAL DEWEY
Número de clasificación G 891.863 K9645i
001 - NÚMERO DE CONTROL
Campo de control 13147
100 1# - ASIENTO PRINCIPAL--NOMBRE PERSONAL
Nombre personal Kundera, Milan (1929-)
245 10 - TÍTULO
Título del Material El libro de los amores ridículos / Milan Kundera ; Fernando de Valenzuela, Traductor
250 ## - MENCIÓN DE EDICIÓN
Mención de edición 4
260 ## - PUBLICACIÓN, DISTRIBUCIÓN, ETC. (PIE DE IMPRENTA)
Lugar de publicación, distribución, etc. Barcelona : Tusquets
300 ## - DESCRIPCIÓN FÍSICA
Extensión 257 Pag
500 ## - NOTA GENERAL
Nota General Título original : Smesné Lásky
942 ## - TIPO DE MATERIAL (KOHA)
Tipo de Item KOHA Libros General
Existencias
Estado de Material Estado de Perdido Estado de Dañado No para Préstamo Colección Tomo Biblioteca de Origen Biblioteca Permanente Fecha de Adquisición Total de Préstamos Signatura Topográfica Código de Barras Última vez visto Última vez Préstado Ejemplar/Existencia Fecha de Remplazo Tipo de Material
        Colección General   Biblioteca FUSBC Biblioteca FUSBC 21/10/2005 1 G 891.863 K9645i 11155 31/10/2023 01/02/2017 1 26/01/2016 Libros General

Biblioteca FUSBC | Teléfono: (57+4) 349 88 10 Ext. 141| WhatsApp (+57) 3005338115 
E-mail: biblioteca@unisbc.edu.co | Calle 76 87-14 Robledo Palenque, Medellín, Colombia

Con tecnología Koha